Aplikácia diamantových povrchov v biosenzingu onkologických ochorení
Saved in:
| Main Author: | |
|---|---|
| Other Authors: | |
| Format: | Manuscript Book |
| Language: | Slovak |
| Published: |
2024
|
| Subjects: | |
| Online Access: | http://is.stuba.sk/zp/portal_zp.pl?podrobnosti=176647 |
| Tags: |
No Tags, Be the first to tag this record!
|
MARC
| LEADER | 00000ntm a22000003a 4500 | ||
|---|---|---|---|
| 001 | stuzp99609 | ||
| 003 | SK-STU | ||
| 005 | 20240601210855.6 | ||
| 007 | ta | ||
| 008 | 150427s2015----xo-----f-mn---000-0-slo-d | ||
| 040 | |a STU |b slo | ||
| 041 | 0 | |a slo | |
| 100 | 1 | |a Hornychová, Michaela |u 043000 |4 aut |U FCHPT Fakulta chemickej a potravinárskej technológie |T FCHPT Ústav biochémie a mikrobiológie |X 104766 |U C3000 |Y 101 |7 104766 | |
| 242 | 0 | 1 | |a Application of diamond surfaces in biosensing of oncological diseases |y eng |
| 245 | 1 | 0 | |a Aplikácia diamantových povrchov v biosenzingu onkologických ochorení |
| 260 | |c 2024 | ||
| 650 | 4 | |a biosenzor |2 slo | |
| 650 | 4 | |a aptamér |2 slo | |
| 650 | 4 | |a aptasenzor |2 slo | |
| 650 | 4 | |a QCM |2 slo | |
| 650 | 4 | |a diamant |2 slo | |
| 650 | 4 | |a miRNA |2 slo | |
| 650 | 4 | |a biosensor |2 eng | |
| 650 | 4 | |a aptamer |2 eng | |
| 650 | 4 | |a aptasensor |2 eng | |
| 650 | 4 | |a QCM |2 eng | |
| 650 | 4 | |a diamond |2 eng | |
| 650 | 4 | |a miRNA |2 eng | |
| 700 | 1 | |a Poturnayová, Alexandra |4 ths |X 16673 |7 16673 | |
| 856 | 4 | |u http://is.stuba.sk/zp/portal_zp.pl?podrobnosti=176647 | |